Daň z motorových vozidiel aktuálna po celý rok (s riešenými otázkami)

Zákon č. 582/2004 Z.z. o miestnych daniach ... bol s účinnosťou od 1. decembra 2005 zmenený a doplnený zákonom č. 517/2005 Z.z., a to vrátane časti upravujúcej daň z motorových vozidiel (ZDMV). Predmet dane podľa ZDMV, daňovník, vznik a zánik daňovej povinnosti, daňové priznanie, platenie dane. Zníž...

Descrizione completa

Salvato in:
Dettagli Bibliografici
Autore principale: Galbavá, Zdenka
Natura: Capitolo di libro
Lingua:slovacco
Soggetti:
Tags: Aggiungi Tag
Nessun Tag, puoi essere il primo ad aggiungerne!!

MARC

LEADER 00000naa$a2200000$$$4500
001 0048439
005 20231106072219.5
041 0 |a slo 
044 |a SK 
245 1 0 |a Daň z motorových vozidiel aktuálna po celý rok  |b (s riešenými otázkami)  |c Zdenka Galbavá 
520 |a Zákon č. 582/2004 Z.z. o miestnych daniach ... bol s účinnosťou od 1. decembra 2005 zmenený a doplnený zákonom č. 517/2005 Z.z., a to vrátane časti upravujúcej daň z motorových vozidiel (ZDMV). Predmet dane podľa ZDMV, daňovník, vznik a zánik daňovej povinnosti, daňové priznanie, platenie dane. Zníženie dane a oslobodenie od dane. Príklady. 
610 2 0 |a automobily 
610 2 0 |a dane z vozidiel motorových 
610 2 0 |a úpravy právne 
610 2 0 |a Slovensko 
100 1 |a Galbavá, Zdenka